000 01142nam0a2200325 4500
001 RU\NLR\BIBL_A\022618123
005 20260420053119.0
010 _a978-5-00250-193-9
_93000
021 _aRU
_bКН-П-25-042926
_9КН-П-25-4179
035 _a(NLR Aleph) 022618123
090 _a13684004
_c13684004
100 _a20250910d2025 u y0rusy50 ca
101 1 _arus
_ceng
102 _aRU
105 _aа z 000аy
181 0 _ai
_baxxe
182 0 _an
200 1 _aСокрушая ночь
_fКэтрин Куинн
_gперевод с английского Вероники Борискиной
203 _aТекст
_bвизуальный
_cнепосредственный
210 _aМосква
_cМИФ
_d2025
215 _a478, [1] с.
_cил.
_d21
225 1 _aЧердак с историями + МИФ
333 _a16+
686 1 _aШ6(7США)67-445{Лх1979-62}
700 1 _7ca
_8rus
_aКуинн
_bК.
_cписатель
_gКэтрин
_92641868
_3RU\NLR\AUTH\770272566
942 _cBOOK
980 _aNB